All Maren Morris Songs - Statistics

General Stats
  • This quiz has been taken 22 times
    20 since last reset
  • The average score is 26 of 70
Answer Stats
Album Song % Correct
Girl Girl
82%
Girl The Bones
82%
Hero Rich
76%
Maren Morris 80s Mercedes
71%
Maren Morris My Church
71%
Single The Middle
71%
Girl All My Favorite People
65%
Hero I Could Use a Love Song
59%
Hero Once
59%
Hero Sugar
59%
Girl Common
53%
Maren Morris Drunk Girls Don't Cry
53%
Girl RSVP
53%
Girl A Song for Everything
47%
Promo Single Dear Hate
47%
Girl Gold Love
47%
Maren Morris I Wish I Was
47%
Hero Just Another Thing
47%
Hero Second Wind
47%
Hero Space
47%
Girl To Hell & Back
47%
All That It Takes All That It Takes
41%
Hero Bummin' Cigarettes
41%
Girl Flavor
41%
Hero How It's Done
41%
Girl Just for Now
41%
Girl Make Out with Me
41%
Girl Shade
41%
Girl Takes Two
41%
Girl The Feels
41%
Walk On Walk On
41%
Single #2 Better Than We Found It
35%
Girl Good Woman
35%
Girl Great Ones
35%
Live Wire Live Wire
35%
Maren Morris Company You Keep
29%
Flicker Seeing Blind
29%
Walk On Barrelhouse Blues
24%
Live Wire Best of Me
24%
Walk On Better Days
24%
Live Wire Born Again
24%
All That It Takes Can't Do This Alone
24%
All That It Takes Dangerous
24%
All That It Takes Don't Stay Away
24%
All That It Takes Down On My Knees
24%
All That It Takes Fragile
24%
Walk On Girl I See
24%
All That It Takes Goodbye
24%
Walk On Help Wanted
24%
All That It Takes Here I Am
24%
Walk On Hit the Ground
24%
For the Throne: Music Inspired by the HBO Series Game of Thrones Kingdom of One
24%
All That It Takes Love That Was Never There
24%
All That It Takes Me & the Moon
24%
Revamp: Reimagining the Songs of Elton John & Bernie Taupin Mona Lisas and Mad Hatters
24%
Live Wire Moving On
24%
Live Wire Nothing At All
24%
All That It Takes Oh Marie
24%
Walk On Popular Girl
24%
Walk On Rain
24%
Live Wire Run to You
24%
All That It Takes Sunkissed Days
24%
Live Wire The Guitars Are Too Loud
24%
Live Wire The Letter
24%
Live Wire The Light
24%
Live Wire The Willow Tree
24%
Walk On This Livin'
24%
All That It Takes What You Need
24%
Walk On Thank You
18%
Live Wire Truth
12%
No matching quizzes found
Score Distribution
Percent of People with Each Score
Percentile by Number Answered
Your Score History
You have not taken this quiz since the last reset